000 00608nam a2200241Ia 4500
003 OSt
005 20220916111118.0
006 a|||||r|||| 00| 0
007 ta
008 220915b |||||||| |||| 00| 0 eng d
024 _a252086
037 _cTextbook
040 _beng
_aARTS
_cARTS
041 _aeng
082 _aV58:1:N7, L2;1
100 _aWesson Robert C
245 0 _aSoviet Russian state
260 _aNew York
_bJohn Wiley and Sons Inc.
300 _a397p
_ccm.
650 _aHISTORY
942 _hV58:1:N7, L2;1
_cTB
_2CC
999 _c105735
_d105735